Las cárceles clandestinas de El Salvador / (Record no. 12268)
[ view plain ]
| 000 -CABECERA | |
|---|---|
| campo de control de longitud fija | 00813cam a2200229 a 4500 |
| 001 - NÚMERO DE CONTROL | |
| campo de control | 000012613 |
| 005 - FECHA Y HORA DE LA ÚLTIMA TRANSACCIÓN | |
| campo de control | 20200929163039.0 |
| 008 - DATOS DE LONGITUD FIJA--INFORMACIÓN GENERAL | |
| campo de control de longitud fija | 810401s1980 mx a 000 0 spa d |
| 035 ## - NÚMERO DE CONTROL DEL SISTEMA | |
| Número de control de sistema | (DLC) 80131845 |
| 082 ## - NÚMERO DE LA CLASIFICACIÓN DECIMAL DEWEY | |
| Número de clasificación | 365.347284 |
| Número de documento/Ítem | M385c |
| 040 ## - FUENTE DE LA CATALOGACIÓN | |
| Centro catalogador/agencia de origen | DO-SdBNP |
| 100 1# - ENTRADA PRINCIPAL--NOMBRE DE PERSONA | |
| Nombre de persona | Martínez, Ana Guadalupe, |
| Fechas asociadas al nombre | 1952- |
| 9 (RLIN) | 29330 |
| 245 14 - MENCIÓN DE TÍTULO | |
| Título | Las cárceles clandestinas de El Salvador / |
| Mención de responsabilidad, etc. | Ana Guadalupe Martínez ; prólogo René Cruz. |
| 260 ## - PUBLICACIÓN, DISTRIBUCIÓN, ETC. | |
| Lugar de publicación, distribución, etc. | Culicán, Sinaloa México : |
| Nombre del editor, distribuidor, etc. | Universidad Autónoma de Sinaloa, |
| Fecha de publicación, distribución, etc. | 1980. |
| 300 ## - DESCRIPCIÓN FÍSICA | |
| Extensión | 346 p. : |
| Otras características físicas | il. ; |
| Dimensiones | 21 cm. |
| 490 1# - MENCIÓN DE SERIE | |
| Mención de serie | Nuestro continente |
| Designación de volumen o secuencia | 3 |
| 650 #4 - PUNTO DE ACCESO ADICIONAL DE MATERIA--TÉRMINO DE MATERIA | |
| Término de materia o nombre geográfico como elemento de entrada | Prisiones |
| Subdivisión geográfica | El Salvador |
| 9 (RLIN) | 29331 |
| 650 #4 - PUNTO DE ACCESO ADICIONAL DE MATERIA--TÉRMINO DE MATERIA | |
| Término de materia o nombre geográfico como elemento de entrada | Presos políticos |
| Subdivisión geográfica | El Salvador |
| 9 (RLIN) | 29332 |
| 650 #4 - PUNTO DE ACCESO ADICIONAL DE MATERIA--TÉRMINO DE MATERIA | |
| Término de materia o nombre geográfico como elemento de entrada | Tortura |
| Subdivisión geográfica | El Salvador |
| 9 (RLIN) | 29333 |
| 700 1# - PUNTO DE ACCESO ADICIONAL--NOMBRE DE PERSONA | |
| Nombre de persona | Cruz, René |
| Nombre de parte o sección de la obra | prólogo |
| 9 (RLIN) | 29334 |
| 830 #0 - PUNTO DE ACCESO ADICIONAL DE SERIE-TÍTULO UNIFORME | |
| Título uniforme | Nuestro continente ; |
| Designación de volumen o secuencia | 3 |
| 9 (RLIN) | 29335 |
| Estado de retiro | Estado de pérdida | Restricciones de uso | No para préstamo | Código de colección | Localización permanente | Ubicación/localización actual | Ubicación en estantería | Fecha de adquisición | Número de inventario | Total de préstamos | Signatura topográfica completa | Código de barras | Fecha visto por última vez | Precio válido a partir de | Tipo de ítem Koha | Número de copia |
|---|---|---|---|---|---|---|---|---|---|---|---|---|---|---|---|---|
| Excluido de préstamo | Monografías: Libros y Folletos | General | General | Depósito | 13.11.2009 | LF1 | 365.347284 M385c | 12613-10 | 25.06.2020 | 25.06.2020 | No se presta | |||||
| Extraviado | Excluido de préstamo | Monografías: Libros y Folletos | General | General | Extraviado | 26.05.2017 | LF1 | 365.347284 M385c | 12613-20 | 25.06.2020 | 25.06.2020 | No se presta | e. 2 |
